Suits Characters by Picture - Statistics

General Stats
  • This quiz has been taken 538 times
    512 since last reset
  • The average score is 25 of 84
Answer Stats
Picture Answer % Correct
Harvey Specter
100%
Mike Ross
99%
Louis Litt
97%
Donna Paulsen
96%
Jessica Pearson
94%
Rachel Zane
94%
Daniel Hardman
83%
Robert Zane
83%
Dana Scott
80%
Katrina Bennett
74%
Sheila Sazs
66%
Harold Gunderson
58%
Samantha Wheeler
55%
Travis Tanner
55%
Sean Cahill
54%
Trevor Evans
54%
Alex Williams
53%
Benjamin
48%
Gretchen Bodinski
48%
Edward Darby
42%
Jenny Griffith
42%
Jeff Malone
40%
Frank Gallo
37%
Edith Ross
35%
Stan Lipschitz
32%
Cameron Dennis
30%
Paula Agard
30%
Anita Gibbs
29%
Ava Hessington
29%
Henry Gerard
28%
Jack Soloff
27%
Brian Altman
26%
Charles Forstman
26%
Esther Litt
26%
Nigel Nesbitt
26%
Stephen Huntley
25%
Stu Buzzini
25%
Faye Richardson
24%
Monica Eton
24%
Jonathan Sidwell
23%
Kevin Miller
23%
Andrew Malik
22%
Logan Sanders
21%
Oliver Grady
21%
A. Elliot Stemple
20%
Zoe Lawford
19%
Marcus Specter
18%
Tara Messer
18%
Eric Woodall
17%
Eric Kaldor
16%
Ray Benghazi
16%
Amy
15%
Jimmy Kirkwood
15%
Lola Jensen
15%
Nathan Krueger
15%
Kyle Durant
14%
Lily Specter
13%
Stanley Gordon
13%
Father Walker
12%
Gordon Specter
12%
Paul Porter
12%
Claire Bowden
11%
Clifford Danner
11%
Emmanuel Mariga
10%
Evan Smith
10%
Nick Howell
10%
David Fox
9%
Dominic Barone
9%
Laura Zane
9%
Allison Holt
8%
Charles Van Dyke
8%
Quentin Sainz
8%
Elias Gould
7%
Marissa
7%
Nick Rinaldi
7%
Craig Seidel
6%
Jerome Jensen
6%
Leonard Bailey
6%
Stan Jacobson
6%
Alexandra Leeds
5%
Maria Monroe
5%
Dean Morello
4%
Joanna Webster
4%
Gerald Tate
3%
No matching quizzes found
Score Distribution
Percent of People with Each Score
Percentile by Number Answered
Your Score History
You have not taken this quiz since the last reset